000 00789nam a2200241 a 4500
001 1298
003 BR-CuiBMT
005 20231207233846.0
008 231204s2005 dfb 001 0 por d
040 _aBR-CuiBMT
_cBR-CuiBMT
080 _a316.334.56
_22007
090 _a316.334.56
_bV614p
100 1 _aViana, Oliveira,
_d1883-1951
245 1 0 _aPopulações meridionais do Brasil /
_cOliveira Viana.
260 _aBrasília :
_bSenado Federal,
_c2005.
300 _a422 p. ;
_c23 cm
490 1 _aEdições do Senado Federal ;
_vv. 27
504 _aInclui bibliografia e índice.
650 _aSociologia rural
_zBrasil, Região Sudeste
650 _aPopulação rural
_xAspectos políticos
_zBrasil, Região Sudeste
830 0 _aEdições do Senado Federal ;
_v27
942 _2udc
_cLV
999 _c1298
_d1298